000 00417cam a2200169ua 4500
001 5810
008 131028n ii |||gr||||Z||||||eng
040 _cMAIN
082 _a954
245 _aAncient Indian History
_cBy R.S. Chaurasia
260 _aDelhi:
_bForward Book Depot.
300 _ax,196p.1988.
653 _aHistory
653 _aAncient Indian History
700 _aChaurasia,R.S.,
_eAuthor.,
942 _cBK
999 _c4965
_d4965